LEADER 01309nam 22003253 450 001 9910130503403321 005 20200402102806.0 035 $a(CKB)3400000000019811 035 $a(ItFiC)it 09929479 035 $a(EXLCZ)993400000000019811 100 $a20110314d2008 uy 0 101 0 $aita 200 00$aPer Giovanni Papini nel 50. anniversario della morte dello scrittore (1956-2006)$b[electronic resource] $eatti della tavola rotonda, Firenze, 6 novembre 2006 /$fa cura di Gloria Manghetti 210 $aFirenze $cSocieta? editrice fiorentina$d2008 215 $a133 p 300 $aProceedings. 300 $aAt head of title: Universita? degli studi di Firenze, Facolta? di lettere e filosofia; Gabinetto G. P. Vieusseux; Fondazione Primo Conti. 300 $aG. Papini (1881-1956). 311 $a88-6032-088-7 320 $aIncludes bibliographical references. 327 $uhttp://www.ilibri.casalini.it/toc/09929479.pdf$3TOC 517 1 $aPer Giovanni Papini nel 50. anniversario della morte dello scrittore 676 $a858 701 $aManghetti$b Gloria$0223342 801 0$bItFiC 801 1$bItFiC 906 $aBOOK 912 $a9910130503403321 996 $aPer Giovanni Papini nel 50. anniversario della morte dello scrittore (1956-2006)$92433864 997 $aUNINA